| 000 | 00866nmc a2200277 a 4500 | ||
|---|---|---|---|
| 003 | AR-BaBNM | ||
| 005 | 20251128211324.0 | ||
| 008 | 214020s2000 ||||||||||||||000 | spa|| | ||
| 020 | _a958-04-5583-X | ||
| 040 | _cAR-BaBNM | ||
| 100 | 1 | _aShakespeare, William | |
| 245 | 1 | 0 | _aPericles, príncipe de Tiro |
| 250 | _a1ª ed. | ||
| 260 |
_aBarcelona _bGrupo Editorial Norma _c2000 |
||
| 300 | _a145 p. | ||
| 490 | 0 | _aShakespeare por escritores | |
| 500 | _aLa colección "Shakespeare por escritores" presenta traducciones de las obras completas de William Shakespeare hechas por poetas, dramaturgos y narradores de América Latina y España | ||
| 650 | 4 | _aLITERATURA INGLESA | |
| 650 | 4 | _aTEATRO | |
| 650 | 4 | _aCOMEDIA | |
| 650 | 4 | _aRENACIMIENTO | |
| 655 | _aLITERATURA | ||
| 700 | 1 |
_aEhrenhaus, Andrés _etraductor |
|
| 942 | _cBK | ||
| 998 | _ccalidad | ||
| 999 |
_c19156 _d19156 |
||